000 00534nam a2200181Ia 4500
999 _c29913
_d29913
003 OSt
005 20210107111039.0
008 190216s9999||||xx |||||||||||||| ||und||
020 _a9788126419593
040 _coclc
082 _a894.812301
_bPOY/T
100 _aPoythumkadavu, Shihabuddin
_96426
245 0 _aThiranjedutha Kathakal /
_cShihabuddin Poythumkadavu
260 _bDc Books,
_c2012.
_aKottayam:
300 _a192p
650 _aKathakal
942 _cBK
_2ddc
_h894.812301
_iPOY/T
_k894.812301
_mPOY/T